Laser Technology for Use in Recycyling Printed Circuit Boards; Chemical and Petroleum Engineering; Vol. 58, iss. 5-6
| Parent link: | Chemical and Petroleum Engineering Vol. 58, iss. 5-6.— 2022.— [P. 491–498] |
|---|---|
| Автор: | |
| Співавтори: | , |
| Інші автори: | , |
| Резюме: | Title screen The potential for effective implementation of laser technology is evaluated from the results of mathematical simulation of heat transport processes under conditions corresponding to different implementations of laser technology for recycyling printed circuit board. The strength and duration of laser radiation in which such a process of recycling of laser radiation may be energy efficient are established. Режим доступа: по договору с организацией-держателем ресурса |
| Мова: | Англійська |
| Опубліковано: |
2022
|
| Предмети: | |
| Онлайн доступ: | https://doi.org/10.1007/s10556-022-01119-8 |
| Формат: | Електронний ресурс Частина з книги |
| KOHA link: | https://koha.lib.tpu.ru/cgi-bin/koha/opac-detail.pl?biblionumber=668654 |
MARC
| LEADER | 00000naa0a2200000 4500 | ||
|---|---|---|---|
| 001 | 668654 | ||
| 005 | 20250224162915.0 | ||
| 035 | |a (RuTPU)RU\TPU\network\39891 | ||
| 035 | |a RU\TPU\network\39774 | ||
| 090 | |a 668654 | ||
| 100 | |a 20230116d2022 k||y0rusy50 ba | ||
| 101 | 0 | |a eng | |
| 102 | |a US | ||
| 135 | |a drcn ---uucaa | ||
| 181 | 0 | |a i | |
| 182 | 0 | |a b | |
| 200 | 1 | |a Laser Technology for Use in Recycyling Printed Circuit Boards |f G. V. Kuznetsov, M. D. Kats, I. M. Kats | |
| 203 | |a Text |c electronic | ||
| 300 | |a Title screen | ||
| 320 | |a [References: 12 tit.] | ||
| 330 | |a The potential for effective implementation of laser technology is evaluated from the results of mathematical simulation of heat transport processes under conditions corresponding to different implementations of laser technology for recycyling printed circuit board. The strength and duration of laser radiation in which such a process of recycling of laser radiation may be energy efficient are established. | ||
| 333 | |a Режим доступа: по договору с организацией-держателем ресурса | ||
| 461 | |t Chemical and Petroleum Engineering | ||
| 463 | |t Vol. 58, iss. 5-6 |v [P. 491–498] |d 2022 | ||
| 610 | 1 | |a электронный ресурс | |
| 610 | 1 | |a труды учёных ТПУ | |
| 610 | 1 | |a laser heating approach for recycyling printed laser board | |
| 610 | 1 | |a melting time of metallic component | |
| 610 | 1 | |a melting time of metal component | |
| 610 | 1 | |a rate of travel of printed circuit board | |
| 610 | 1 | |a width of metal layer | |
| 610 | 1 | |a width of base layer | |
| 610 | 1 | |a thermal conductivity equations | |
| 610 | 1 | |a numerical solution | |
| 700 | 1 | |a Kuznetsov |b G. V. |c Specialist in the field of heat power energy |c Professor of Tomsk Polytechnic University, Doctor of Physical and Mathematical Sciences |f 1949- |g Geny Vladimirovich |3 (RuTPU)RU\TPU\pers\31891 |9 15963 | |
| 701 | 1 | |a Kats |b M. D. |c specialist in the field of power engineering |c Associate Professor of Tomsk Polytechnic University, Candidate of physical and mathematical sciences |f 1947- |g Mark Davydovich |3 (RuTPU)RU\TPU\pers\35122 |9 18397 | |
| 701 | 1 | |a Kats |b I. M. |c specialist in the field of electricity |c associate Professor of Tomsk Polytechnic University, candidate of technical Sciences |f 1983- |g Iljya Markovich |3 (RuTPU)RU\TPU\pers\35202 |9 18467 | |
| 712 | 0 | 2 | |a Национальный исследовательский Томский политехнический университет |b Инженерная школа энергетики |b Научно-образовательный центр И. Н. Бутакова (НОЦ И. Н. Бутакова) |3 (RuTPU)RU\TPU\col\23504 |
| 712 | 0 | 2 | |a Национальный исследовательский Томский политехнический университет |b Инженерная школа энергетики |b Отделение электроэнергетики и электротехники |3 (RuTPU)RU\TPU\col\23505 |
| 801 | 0 | |a RU |b 63413507 |c 20230116 |g RCR | |
| 856 | 4 | |u https://doi.org/10.1007/s10556-022-01119-8 | |
| 942 | |c CF | ||